Economía nacional de la U.R.S.S. : (Registro nro. 11583)
[ vista simple ]
| 000 -LEADER | |
|---|---|
| fixed length control field | 01183nam a2200229Ia 4500 |
| 003 - CONTROL NUMBER IDENTIFIER | |
| control field | OSt |
| 005 - DATE AND TIME OF LATEST TRANSACTION | |
| control field | 20210429102306.0 |
| 008 - FIXED-LENGTH DATA ELEMENTS--GENERAL INFORMATION | |
| fixed length control field | 210310s1957 ar gr 000 0 spa d |
| 040 ## - CATALOGING SOURCE | |
| Original cataloging agency | CO-JMCR |
| Transcribing agency | CO-JMCR |
| 041 1# - LANGUAGE CODE | |
| Language code of text/sound track or separate title | spa |
| Language code of original | eng |
| 082 04 - DEWEY DECIMAL CLASSIFICATION NUMBER | |
| Classification number | 330.947 / |
| Item number | U777e |
| Edition number | 23 |
| 110 2# - MAIN ENTRY--CORPORATE NAME | |
| Corporate name or jurisdiction name as entry element | Comisión estadística central del consejo de ministros de la U.R.S.S. |
| 9 (RLIN) | 37234 |
| 245 10 - TITLE STATEMENT | |
| Title | Economía nacional de la U.R.S.S. : |
| Remainder of title | cuadros estadísticos / |
| Statement of responsibility, etc. | Comisión estadística central del consejo de ministros de la U.R.S.S. ; traducción del inglés Floreal Mazía |
| 260 ## - PUBLICATION, DISTRIBUTION, ETC. | |
| Place of publication, distribution, etc. | Buenos Aires, Argentina : |
| Name of publisher, distributor, etc. | Fundamentos, |
| Date of publication, distribution, etc. | 1957. |
| 300 ## - PHYSICAL DESCRIPTION | |
| Extent | 230 páginas ; |
| Dimensions | 22 cm. |
| 500 ## - GENERAL NOTE | |
| General note | Incluye notas a pie de pagina. |
| 505 0# - FORMATTED CONTENTS NOTE | |
| Formatted contents note | Agricultura. -- Construcción de capitales. -- Transporte y comunicación. -- Cantidad de empleados, disponibilidad de especialistas y adiestramiento de obreros especializados. -- Giro de mercancías. -- Cultura. -- Salud púbica. -- Superficie y población de la U.R.S.S. y otros países. |
| 650 14 - SUBJECT ADDED ENTRY--TOPICAL TERM | |
| Topical term or geographic name entry element | Economía nacional. |
| Geographic subdivision | U.R.S.S |
| 9 (RLIN) | 25911 |
| 650 14 - SUBJECT ADDED ENTRY--TOPICAL TERM | |
| Geographic subdivision | Transporte y comunicaciones |
| Topical term or geographic name entry element | U.R.S.S |
| 9 (RLIN) | 37235 |
| 700 1# - ADDED ENTRY--PERSONAL NAME | |
| Personal name | Mazía, Floreal |
| Relator term | traductor |
| 9 (RLIN) | 6225 |
| 942 ## - ADDED ENTRY ELEMENTS (KOHA) | |
| Source of classification or shelving scheme | Dewey Decimal Classification |
| Koha item type | Books |
| Withdrawn status | Lost status | Source of classification or shelving scheme | Damaged status | Not for loan | Home library | Current library | Shelving location | Date acquired | Source of acquisition | Full call number | Barcode | Date last seen | Copy number | Price effective from | Koha item type |
|---|---|---|---|---|---|---|---|---|---|---|---|---|---|---|---|
| Dewey Decimal Classification | Biblioteca Pública José María del Castillo y Rada | Biblioteca Pública José María del Castillo y Rada | General Stacks | 04/15/2018 | Donación | 330.947 / U777e | 430002123 | 05/16/2024 | Ej.1 | 03/10/2021 | Books |